| 000 | 00483nam a22001817a 4500 | ||
|---|---|---|---|
| 999 |
_c478617 _d478617 |
||
| 003 | NUST | ||
| 005 | 20180606062822.0 | ||
| 008 | 180606b ||||| |||| 00| 0 eng d | ||
| 020 | _a9788131525579 | ||
| 038 | _aSNS Library | ||
| 082 | _a543 SKO 2015 | ||
| 100 |
_aHoller Skoog Crouch _911048 |
||
| 245 |
_aPrinciples of Instrumental Analysis _cHoller Skoog Crouch |
||
| 250 | _a6th Ed. | ||
| 260 |
_aIndia _bCengage Learning _c2015 |
||
| 300 |
_a1029 P _bPb. |
||
| 942 |
_2ddc _cBK |
||